Movies Quiz

Random Movies or Actor Quiz

Leonardo DiCaprio Movies by Image Quiz Stats

Quiz Updated Oct 8, 2014

Challenge
Share
Tweet
Score 0/18 Timer 04:00
1 Play Today
% Correct
Titanic
99.5%
The Wolf of Wall Street
90.6%
Catch Me If You Can
89.4%
The Great Gatsby
86%
The Aviator
78.8%
Blood Diamond
78.6%
Django Unchained
72.5%
Romeo + Juliet
72.4%
Shutter Island
70.6%
% Correct
Inception
69%
Gangs of New York
68.7%
What's Eating Gilbert Grape
68.5%
The Departed
67.6%
The Man in the Iron Mask
59.4%
The Beach
51.9%
J. Edgar
45.2%
The Basketball Diaries
34.4%
Revolutionary Road
18.6%

You're not logged in!

Compare scores with friends on all Sporcle quizzes.
Join for Free
OR
Log In

You Might Also Like...

Show Comments

Extras

Top Quizzes Today


Score Distribution

Your Account Isn't Verified!

In order to create a playlist on Sporcle, you need to verify the email address you used during registration. Go to your Sporcle Settings to finish the process.

Report this User

Report this user for behavior that violates our Community Guidelines.

Details: